| 000 | 01089 a2200217 4500 | ||
|---|---|---|---|
| 003 | Nust | ||
| 005 | 20221116130131.0 | ||
| 010 | _a 76030480 | ||
| 020 | _a0879092238 | ||
| 040 | _cNust | ||
| 082 | 0 | 0 | _a621.374,RIT |
| 100 | 1 |
_a Sanders ,Miles Ritter _9102682 |
|
| 245 | 1 | 0 |
_aElectronic meters : _btechniques and troubleshooting / _cMiles Ritter-Sanders, Jr. [i.e. R. G. Middleton]. |
| 260 |
_aReston, Va. : _bReston Pub. Co., _cc1977. |
||
| 300 |
_ax, 299 p. : _bill. ; _c24 cm. |
||
| 505 | _aPerformance Verification and Calibration (Page-9), DC-Voltage Measuring Techniques (Page-37), Resistance Measuring Techniques (Page-63), DC Current Measurement Methods (Page-93), AC Voltage Measurement Procedures (Page-116), Hi-Fi Stereo Troubleshooting (Page-139), Radio Receiver Troubleshooting (Page-174), Black and White Television Troubleshooting (Page-206), Color TV Troubleshooting (Page-240), Miscellaneous Applications (Page-271). | ||
| 650 | 0 |
_aElectric measurements. _941286 |
|
| 650 | 0 |
_aElectric meters. _941367 |
|
| 650 | 0 |
_aElectronic measurements. _941546 |
|
| 942 |
_2ddc _cBK |
||
| 999 |
_c181035 _d181035 |
||